| 000 | 00474cam a2200181ua 4500 | ||
|---|---|---|---|
| 020 | _c110.00 | ||
| 041 |
_aeng _h |
||
| 082 |
_a519.51 _bGUP/SO |
||
| 100 | _aGupta , B D . | ||
| 245 |
_aSolution and problems on mathematical statistics / _cB D Gupta. _hTextual Documents |
||
| 250 |
_a1 / _b. |
||
| 260 |
_aNew Delhi : _bC B S Publishers & Distributers , _c1992. |
||
| 300 | _a1088 ; . | ||
| 365 | _a110.00 | ||
| 504 | _a | ||
| 942 | _cBK | ||
| 999 |
_c9867 _d9867 |
||